| 000 | 00695nam a2200217 a 4500 | ||
|---|---|---|---|
| 001 | 9680 | ||
| 003 | CO-ViMGA | ||
| 008 | 141112s2004 ck r 000 u spa d | ||
| 020 | _a8474236355 | ||
| 040 |
_aCO-ViMGA _bspa _cCO-ViMGA |
||
| 082 | 0 | 4 | _a340.1 C335 |
| 100 | 1 |
_aCasanovas ; Pompeu, Moresco Jose Juan, _911259 |
|
| 245 | 1 | 0 |
_aEl Ambito de lo Jurídico : _bLecturas de pensamiento jurídico contemporáneo |
| 260 |
_aBarcelona : _bcritica, _c1994 |
||
| 300 | _a520p. | ||
| 650 | 1 | 4 |
_aDERECHO COMO OBJETO _911260 |
| 650 | 1 | 4 |
_aJURISPRUDENCIA ANALITICA _911261 |
| 650 | 1 | 4 |
_aREALISMO JURIDICO NORTEAméricaNO _911262 |
| 650 | 1 | 4 |
_aTEORIA DEL DERECHO EN EL SIGLO XX _911263 |
| 942 |
_2ddc _cBK |
||
| 999 |
_c21138 _d21138 |
||